Economic instruments in biodiversity-related multilateral environmental agreements (Registro nro. 8542)

Detalles MARC
000 -CABECERA
Campo de control 00794nam a22002057a 4500
005 - FECHA Y HORA DE LA ULTIMA TRANSACCION
Campo de control 20200104041627.0
008 - ELEMENTOS DE LONGITUD FIJA—INFORMACION GENERAL
Campo de control 140710b2004 xxu||||| |||| 00| 0 eng d
020 ## - ISBN
ISBN 9280723901
040 ## - FUENTE DE CATALOGACIÓN
Agencia catalogadora original CO-BoIAVH
Agencia transcriptora CO-BoIAVH
041 ## - IDIOMA
Código de idioma para texto/pista de sonido o título separado Inglés
082 04 - NUMERO DE CLASIFICACION DECIMAL DEWEY
Número de clasificación 338.9
Número del ítem U56e
245 00 - MENCION DE TITULO
Título Economic instruments in biodiversity-related multilateral environmental agreements
260 ## - PUBLICACION, DISTRIBUCION, ETC. (PIE DE IMPRENTA)
Lugar de publicación, distribución, etc. [s.l.]
Nombre del editor, distribuidor, etc. UNEP :
Fecha de publicación, distribución, etc. 2004.
300 ## - DESCRIPCION FISICA
Extensión 114 páginas
Dimensiones 28 cm.
505 ## - NOTA DE CONTENIDO
Nota de contenido Economic instruments and biodiversity (pag. 23) -- References to economic instruments in selected MEAs (pag. 31) -- Use of economic instruments to implement selected biodiversity-relates MEAs (pag 45)
650 26 - ASIENTO SECUNDARIO DE MATERIA - TERMINO TEMATICO
Término temático o nombre geográfico como elemento de entrada Desarrollo sostenible
9 (RLIN) 278
650 26 - ASIENTO SECUNDARIO DE MATERIA - TERMINO TEMATICO
Término temático o nombre geográfico como elemento de entrada Desarrollo económico
9 (RLIN) 74314
650 26 - ASIENTO SECUNDARIO DE MATERIA - TERMINO TEMATICO
Término temático o nombre geográfico como elemento de entrada Medio ambiente
9 (RLIN) 92195
942 ## - ELEMENTOS ADICIONALES (KOHA)
Sistema de clasificación Dewey Decimal Classification
Tipo de ítem Informe Técnico
Existencias
Withdrawn status Lost status Sistema de Clasificación Damaged status No para préstamo Colección Inventariado Ubicación Permanente Ubicación actual Fecha de adquisición Fuente de Valor Total Checkouts Número topográfico Inventario / Código de Barras Date last seen Ejemplar Price effective from Forma de adquisición Tipo de material
    Dewey Decimal Classification     General Inventariado 2017 Bogotá Bogotá 21/08/2007 Amazon   LB-338.9 U56e 025070 04/12/2012 Ej. 1 04/12/2012 Donación Libro
    Dewey Decimal Classification     General Inventariado 2017 Sala Fabio Quevedo Sala Fabio Quevedo 10/07/2014 Amazon   LB-338.9 U56e 034116 10/07/2014 Ej. 2 10/07/2014 Donación Libro